Lecciones del Plan Puebla para el cambio tecnológico en el campo mexicano.

Stratégia "Plán Puebla" z r. 1967 na zvýšenie výkonnosti poľnohospodárskej výroby - význam. Prijatie inovácií, nových praktík a produktívnych technológií. Dopyt po novej technológii. Kapacity expertov pre vzdelávanie výrobcov. Základné prvky stratégie na rozvoj vidieka. Komercializácia poľnohospodár...

Full description

Saved in:
Bibliographic Details
Main Author: Gonzales Lopez, G.
Format: Book Chapter
Language:Spanish
Subjects:
Tags: Add Tag
No Tags, Be the first to tag this record!

MARC

LEADER 00000naa a2200000 4500
001 r003155
005 20220818104522.2
041 0 |a spa 
044 |a MX 
245 1 0 |a Lecciones del Plan Puebla para el cambio tecnológico en el campo mexicano.  |c G. Gonzales Lopez 
520 |a Stratégia "Plán Puebla" z r. 1967 na zvýšenie výkonnosti poľnohospodárskej výroby - význam. Prijatie inovácií, nových praktík a produktívnych technológií. Dopyt po novej technológii. Kapacity expertov pre vzdelávanie výrobcov. Základné prvky stratégie na rozvoj vidieka. Komercializácia poľnohospodárskych produktov. Úvery. Roľnícke organizácie. Informačné zdroje. 
610 2 0 |a vidiek 
610 2 0 |a Mexiko 
610 2 0 |a stratégia hospodárska 
610 2 0 |a výroba poľnohospodárska 
610 2 0 |a technológie nové 
610 2 0 |a inovácia 
610 2 0 |a výrobky poľnohospodárske 
610 2 0 |a úver poľnohospodársky 
100 1 |a Gonzales Lopez, G.